<?xml version="1.0" encoding="UTF-8"?><?xml-stylesheet type="text/xsl" href="static/style.xsl"?><OAI-PMH xmlns="http://www.openarchives.org/OAI/2.0/" xmlns:xsi="http://www.w3.org/2001/XMLSchema-instance" xsi:schemaLocation="http://www.openarchives.org/OAI/2.0/ http://www.openarchives.org/OAI/2.0/OAI-PMH.xsd"><responseDate>2026-04-13T03:02:15Z</responseDate><request verb="GetRecord" identifier="oai:www.recercat.cat:2072/439504" metadataPrefix="marc">https://recercat.cat/oai/request</request><GetRecord><record><header><identifier>oai:recercat.cat:2072/439504</identifier><datestamp>2024-10-31T03:47:36Z</datestamp><setSpec>com_2072_98</setSpec><setSpec>col_2072_378192</setSpec></header><metadata><record xmlns="http://www.loc.gov/MARC21/slim" xmlns:dcterms="http://purl.org/dc/terms/" xmlns:xsi="http://www.w3.org/2001/XMLSchema-instance" xmlns:doc="http://www.lyncode.com/xoai" xsi:schemaLocation="http://www.loc.gov/MARC21/slim http://www.loc.gov/standards/marcxml/schema/MARC21slim.xsd">
   <leader>00925njm 22002777a 4500</leader>
   <datafield ind2=" " ind1=" " tag="042">
      <subfield code="a">dc</subfield>
   </datafield>
   <datafield ind2=" " ind1=" " tag="720">
      <subfield code="a">Galletto, Vittorio,</subfield>
      <subfield code="e">author</subfield>
   </datafield>
   <datafield ind2=" " ind1=" " tag="720">
      <subfield code="a">Boix Domenech, Rafael</subfield>
      <subfield code="e">author</subfield>
   </datafield>
   <datafield ind2=" " ind1=" " tag="260">
      <subfield code="c">2014</subfield>
   </datafield>
   <datafield ind2=" " ind1=" " tag="520">
      <subfield code="a">El efecto I-distrito establece la existencia de eficiencia dinámica en los distritos industriales marshallianos en la forma de un diferencial positivo de innovaciones respecto al promedio de la economía. La hipótesis ha sido validada empíricamente para el caso de la innovación tecnológica, mediante el uso de indicadores de patentes. Las investigaciones empíricas han asumido que todos los tipos de figuras patentables (modelos de innovación, patentes nacionales, EPO, WIPO) tienen el mismo peso con independencia de su valor efectivo o esperado de mercado, lo que puede ser discutible dadas las diferencias en cobertura, protección y coste de cada figura. En este artículo cuestionamos la existencia del efecto I-distrito cuando se le asigna a cada patente su valor potencial esperado. Como predice la tesis del efecto I-distrito, el efecto diferencial sobre la media se mantiene incluso en presencia de la ponderación, lo que descarta que el distrito industrial se especialice solamente en patentes de baja calidad. Sin embargo, al ponderar las innovaciones, la primacía del distrito industrial como sistema productivo local más innovador puede verse superada por otros sistemas productivos locales.</subfield>
   </datafield>
   <datafield ind2=" " ind1=" " tag="520">
      <subfield code="a">The I-district effect establishes the existence of dynamic efficiency in Marshallian industrial districts in the form of a positive innovative differential comparing to the average of the economy. The hypothesis has been empirically validated for the case of technological innovation using patent indicators. Empirical research has assumed that all types of patentable figures (models of innovation, national patents, EPO, WIPO) have the same weight regardless of its actual or expected market value, which may be questionable given the differences in coverage, protection and cost of each figure. In this article we question the existence of the I-district effect when each patent is weighted by its expected potential value. As the I-district effect theory predicts, the relative differential effect is maintained even in the presence of the weighting, rejecting that the industrial district specializes only in low quality patents. However, in this case, the primacy of industrial district as the most innovative local production system can be outpaced by other local production systems.</subfield>
   </datafield>
   <datafield tag="653" ind2=" " ind1=" ">
      <subfield code="a">Distritos industriales</subfield>
   </datafield>
   <datafield tag="653" ind2=" " ind1=" ">
      <subfield code="a">Efecto I-distrito</subfield>
   </datafield>
   <datafield tag="653" ind2=" " ind1=" ">
      <subfield code="a">Innovación tecnológica</subfield>
   </datafield>
   <datafield tag="653" ind2=" " ind1=" ">
      <subfield code="a">Patentes</subfield>
   </datafield>
   <datafield tag="653" ind2=" " ind1=" ">
      <subfield code="a">Industrial districts</subfield>
   </datafield>
   <datafield tag="653" ind2=" " ind1=" ">
      <subfield code="a">I-district effect</subfield>
   </datafield>
   <datafield tag="653" ind2=" " ind1=" ">
      <subfield code="a">Technological innovation</subfield>
   </datafield>
   <datafield tag="653" ind2=" " ind1=" ">
      <subfield code="a">Patents</subfield>
   </datafield>
   <datafield ind2="0" ind1="0" tag="245">
      <subfield code="a">Distritos industriales, innovación tecnológica y efecto I-distrito : ¿una cuestión de volumen o de valor?</subfield>
   </datafield>
</record></metadata></record></GetRecord></OAI-PMH>